Statystyki dla Flagi ze smokami

Kliknij tutaj aby rozwiązać quiz!

Ogólne statystyki

  • Ten quiz został rozwiązany 89 razy
  • Średni wynik to 4 z 10

Statystyki odpowiedzi

Odpowiedź% Poprawnych
Malta
98%
Walia
95%
Bhutan
93%
Moskwa
40%
Portugalskie Makau
23%
Dynastia Qing
20%
Hong Kong Brytyjski
12%
Kazań
5%
Somerset
5%
Manipur
4%

Rozkład punktacji

Percentyl według liczby udzielonych odpowiedzi

Procent ludzi z każdym wynikiem

Twoja historia wyników

Nie rozwiązałeś tego quizu